Переписка с Томским Горным управлением по ходатайствам золотопромышленников о возврате им отобранных в казну приисков

Доступно только в Электронных читальных залах Найти на картеНа карте
RUSMARC
00003603nac2a22002531x 450
0017eaa7e41-5b72-4885-b0a6-5dac1c7a66a9
00520160224183131.0
100##$a20151228l19171917k y0rusy50 ca
1010#$arus
102##$aRU
105##$ay z |||e|
1222#$ad19170718
$ad19171021
2001#$aПереписка с Томским Горным управлением по ходатайствам золотопромышленников о возврате им отобранных в казну приисков
$j18 июля - 21 октября 1917
215##$a5 листов
251##$cДело
300##$aМашинописный текст
330##$aВходит в раздел описи: Горный департамент
461#0$100110265e2f-74b4-4aa7-9449-d1e502b49f05
$12001
$aМИНИСТЕРСТВО ТОРГОВЛИ И ПРОМЫШЛЕННОСТИ ВРЕМЕННОГО ПРАВИТЕЛЬСТВА
$1251
$cФонд
$1852
$j7743
462#0$1001d776d8b6-d08f-420d-bbba-5b0ff0770f06
$12001
$a1917 г.
$vД. 110
$1251
$cОпись
$1852
$j1
60102$3RU\NLR\AUTH\880357420
$aВременное Сибирское правительство
$bМинистерство торговли и промышленности
60102$3RU\NLR\AUTH\889968164
$aТомское горное управление
801#0$aRU
$bGA_RF
801#1$aRU
$bНПО Опыт
$c20151228
$2rusmarc
801#2$aRU
$bПБ им. Б.Н. Ельцина
$c20160224
$gRCR
$2rusmarc
852##$aГА РФ
$j110
937##$d64779642
$hПБ
035##$aRuPRLIB51034502
Формат отображения